000 00576cam a22002171 4500
001 sa 68001495
003 DLC
005 20260227112434.0
008 890109s1967 io 000 0 ind
010 _asa 68001495
035 _a(OCoLC)23554913
040 _aDLC
_cMiU
_dDLC
042 _apremarc
050 0 0 _aHF5549
_b.M315 1967
100 1 _aManullang, Manginar.
245 1 0 _aManagement personalia, Tjet. 2.
260 _aMedan,
_bSinar Harapan,
_c1967.
300 _a202 p.
_c22 cm.
650 0 _aPersonnel management
710 1 _aIndonesia.
_bLaws, statutes, etc.
999 _c77995
_d77995